000 00631nam a22001815i 4500
001 164973
003 ES-MaACL
005 20250818173600.0
008 050811s1880 au | |||||||| ||ger d
040 _aCAM
_bspa
_cCAM
100 1 _aSchuchardt, Hugo.
_9104734
245 1 0 _aCamoens
_b: Ein festgruss nach Portugal zum X. Juni MDCCCLXXX /
_cvon Hugo Schuchardt.
260 _aGraz :
_b[s.n.],
_c1880 (
_fBuchdruckerei Styria)
300 _a14 p. ;
_c35 cm.
600 1 4 _aCamões, Luís de,
_d1524?-1580
_9181622
852 _aES-MaACL
_jT-325-F-6
_z-- Enc. hol.
_z-- Enc. en un vol. facticio
999 _c164973
_d164973